El circo / (Record no. 73690)

MARC details
000 -LEADER
campo de control de longitud fija 00799nam a2200229 i 4500
001 - NÚMERO DE CONTROL
campo de control 73690
003 - IDENTIFICADOR DE NÚMERO DE CONTROL
campo de control ES-MaACL
005 - FECHA Y HORA DE LA ÚLTIMA TRANSACCIÓN
campo de control 20240320062527.0
007 - CAMPO FIJO DE DESCRIPCIÓN FÍSICA--INFORMACIÓN GENERAL
campo de control de longitud fija t|
008 - DATOS DE LONGITUD FIJA--INFORMACIÓN GENERAL
campo de control de longitud fija 040910s1943 sp ||||1| spa d
100 1# - ENTRADA PRINCIPAL--NOMBRE DE PERSONA
Nombre de persona Gómez de la Serna, Ramón,
Fechas asociadas al nombre 1888-1963
9 (RLIN) 57901
245 13 - MENCIÓN DEL TÍTULO
Título El circo /
Mención de responsabilidad, etc. por Ramón Gómez de la Serna ; [prólogo de Julio Gómez de la Serna... (et al.) ; ilustraciones del autor y de "Apa"].
250 ## - MENCION DE EDICION
Mención de edición [1ª ed.].
260 ## - PUBLICACIÓN, DISTRIBUCIÓN, ETC.
Lugar de publicación, distribución, etc. [S.l. :
Nombre del editor, distribuidor, etc. s.n.,
Fecha de publicación, distribución, etc. 1943] (
Lugar de fabricación/manufactura Barcelona :
Fabricante La Académica)
300 ## - DESCRIPCIÓN FÍSICA
Extensión XX, 278 p. ;
Dimensiones 20 cm.
490 1# - MENCIÓN DE SERIE
Mención de serie El monigote de papel
700 1# - ENTRADA AGREGADA--NOMBRE PERSONAL
Nombre de persona Gómez de la Serna, Julio,
Fechas asociadas al nombre 1895-1983
9 (RLIN) 57899
700 0# - ENTRADA AGREGADA--NOMBRE PERSONAL
Nombre de persona Apa (
Fechas asociadas al nombre 1878-1948)
9 (RLIN) 22029
830 0# - PUNTO DE ACCESO ADICIONAL DE SERIE-TÍTULO UNIFORME
Título uniforme El monigote de papel
9 (RLIN) 226610
852 ## - LOCALIZACIÓN
Ubicación ES-MaACL
Número de control de estantería B-10317
Sublocalización o colección R.21665
Holdings
Estatus retirado Estado de pérdida Estado de daño No para préstamo Biblioteca de origen Biblioteca actual Ubicación en estantería Fecha de adquisición Fuente de adquisición Total de préstamos Signatura topográfica completa Código de barras Visto por última vez Precio de reemplazo Tipo de ítem Koha
        Biblioteca del Ateneo de Madrid Biblioteca del Ateneo de Madrid Sala Pardo Bazán 17/01/2008     B-10317 1077132 23/02/2023 23/02/2023 Libro impreso